NFL Pittsburgh Steelers 2022-2023 Active Roster - Statistics

General Stats
  • This quiz has been taken 263 times
  • The average score is 23 of 57
Answer Stats
Hint Answer % Correct
QB Kenny Pickett
98%
RB Najee Harris
97%
FB Derek Watt
93%
LB T.J. Watt
93%
QB Mitch Trubisky
92%
WR George Pickens
91%
WR Diontae Johnson
90%
QB Mason Rudolph
88%
DE Cameron Heyward
83%
FS Minkah Fitzpatrick
78%
RB Jaylen Warren
76%
WR Chase Claypool
72%
K Chris Boswell
67%
RB Benny Snell Jr.
66%
LB Alex Highsmith
52%
WR Calvin Austin III
52%
LB Myles Jack
49%
P Pressley Harvin III
49%
LB Devin Bush
46%
CB Cameron Sutton
43%
C Mason Cole
41%
CB Levi Wallace
38%
WR Steven Sims
38%
G Kendrick Green
36%
WR Miles Boykin
36%
G James Daniels
35%
T Dan Moore Jr.
34%
CB Ahkello Witherspoon
32%
WR Gunner Olszewski
31%
T Chukwuma Okorafor
30%
G Kevin Dotson
30%
LB Robert Spillane
29%
SS Damontae Kazee
28%
CB James Pierre
28%
LB Jamir Jones
28%
LB Mark Robinson
28%
LS Christian Kuntz
25%
NT Tyson Alualu
25%
DE Larry Ogunjobi
24%
DE DeMarvin Leal
23%
NT Montravius Adams
22%
FS Tre Norwood
20%
DE Isaiahh Loudermilk
19%
LB Marcus Allen
19%
WR Anthony Miller
17%
DE Chris Wormley
17%
T Jesse Davis
15%
SS Miles Killebrew
15%
C J.C. Hassenauer
13%
CB Arthur Maulet
12%
LB Malik Reed
10%
T Trent Scott
7%
SS Karl Joseph
6%
RB Jeremy McNichols
5%
FS Carlins Platel
2%
LB David Anenih
2%
SS Terrell Edmons
0%
No matching quizzes found
Score Distribution
Percent of People with Each Score
Percentile by Number Answered
Your Score History
You have not taken this quiz